ÖOÖOÖmania - mittelgemein - Sudden Death - Statistiken

Allgemein
  • Dieses Quiz wurde 217 mal gespielt
  • Das Durchschnittsergebnis liegt bei 20 aus 30
Answers on the Grid
Answers color-coded by a green-red scale on the quiz's grid according to % correct below.
O
O
O
O
O
O
O
O
O
O
O
O
O
O
O
O
O
O
O
O
O
O
O
O
O
O
O
O
O
O
Ö
Ö
Ö
Ö
Ö
Ö
Ö
Ö
Ö
Ö
Ö
Ö
Ö
Ö
Ö
Ö
Ö
Ö
Ö
Ö
Ö
Ö
Ö
Ö
Ö
Ä
Ö
Ö
Ö
Ö
 
Antwortstatistiken
Antwort % Korrekt
O
77%
O
75%
O
75%
O
75%
O
75%
O
72%
O
72%
O
72%
O
70%
O
70%
O
67%
O
66%
O
66%
O
66%
O
66%
O
66%
O
64%
O
64%
O
64%
O
64%
O
63%
O
63%
O
63%
O
61%
O
61%
O
59%
O
59%
O
58%
O
56%
O
55%
Keine übereinstimmenden Quizze gefunden
Verteilung der Resultate
Anzahl Personen mit jedem Resultat
Perzentil nach korrekt beantworteten Fragen
Ihre Resultats-Entwicklung
Sie haben dieses Quiz noch nicht gespielt